1777 1064 1755 1372 1930 1286 1690 1393 1498 1794 1737 1149 1433 1705 1129 1938 1581 1319 1699 1084 1422 1292 1950 1162 1706 1563 1433 1199 1946 1838 1374 1982 1779 1291 1993 1106 1746 1526 1082 1143 1644 1229 1418 1944 1333 1438 1557 1663 1721 1813 1329 1128 1317 1771 1342 1187 1620 1064 1846 1402 1789 1888 1260 1681 1505 1696 1412 1910 1478 1127 1594 1808 1732 1252 1879 1758 1494 1012 1196 1736 1186 1535 1255 1326 1124 1554 1770 1933 1232 1079 1839 1779 1483 1086 1485 1380 1253 1270 1360 BCNSPRNW ULIB Ver.6.0+V

เปลี่ยนเป็นภาษาไทย

Change to English
 แสดงรายละเอียดบรรณานุกรม
  กลับหน้าหลัก

Brief Record : Get Marc (ISO 2709) : E-mail record : QR code < ปิดหน้าต่าง
LEADER : 00000nam 2200000uu 4500
001    13399128921
003     ULIB
008    241030s2022||||th 000 0 tha d
020    ^a9786164220867
060 04 ^aWC17^bA881
245 00 ^aAtlas of infectious diseases :^bclinical and laboratory /^ceditors Veerachai Watanaveeradej ... [et al.]
250    ^a1st ed.
260    ^aBangkok :^bDepartment of Microbiology, PhramongkutklaoCollege of Medicine,^c2022
300    ^axi, 306 p. :^bcol. ill. ;^c21 cm.
504    ^aIncludes index
650  2 ^aCommunicable Diseases^vAtlases
653    ^aInfectious Diseases
700 0  ^aVeerachai Watanaveeradej,^eed.
710 2  ^aPhramongkutklao College of Medicine. ^bDepartment ofMicrobiology
945    ^p1020^l0^i011169
999    ^aประนอม เกษจรัล
รายการนี้ยังไม่มีแท็ก
คุณยังไม่ได้ล็อกอิน คุณสามารถมีกิจกรรมร่วมกับเว็บไซต์ได้ แต่ต้องล็อกอินก่อน ::
  ล็อกอิน

รายการสื่อสารสนเทศ

ลำดับที่ ประเภท เลขเรียก/บาร์โค้ด สถานที่ สถานะ
1. วิทยาศาสตร์การแพทย์ และสุขภาพ
หนังสือสำรอง
สถานะ=หนังสือสำรอง
WC17 A881 ฉ.1 
  Barcode: 011169
ห้องสมุดวิทยาเขตสวรรค์ประชารักษ์
►หนังสือทั่วไป
บนชั้น

BibComment


ยังไม่เคยถูกคอมเมนท์

คอมเมนท์ทรัพยากรรายการนี้
  คอมเมนท์: Atlas of infecti..


 Copyright 2026. Bcnsprnw @Library